| 000 | 00441nam a2200157 4500 | ||
|---|---|---|---|
| 001 | 118426 | ||
| 003 | ES-MaACL | ||
| 005 | 20230906191109.0 | ||
| 007 | t| | ||
| 008 | 070214s1966 sp r ||||1| spa d | ||
| 100 | 1 |
_aPérez, Teófilo. _990613 |
|
| 245 | 1 | 0 |
_a18 propulsores del Concilio / _cTeófilo Pérez. |
| 260 |
_aBilbao : _bEdiciones Paulinas, _c1966. |
||
| 300 |
_a320 p. 7 lám. ; _c19 cm. |
||
| 852 |
_aES-MaACL _jC-35316 _bR.68323 |
||
| 999 |
_c118426 _d118426 |
||